Biophysics
Saved in:
| Format: | Book |
|---|---|
| Language: | Undetermined |
| Published: |
Berlin
Springer-Verlag
1983
|
| Subjects: | |
| Tags: |
Add Tag
No Tags, Be the first to tag this record!
|
| Institutions: | Trung tâm Học liệu Trường Đại học Cần Thơ |
|---|
| LEADER | 00473nam a2200169Ia 4500 | ||
|---|---|---|---|
| 001 | CTU_127253 | ||
| 008 | 210402s9999 xx 000 0 und d | ||
| 082 | |a 191 | ||
| 082 | |b B615 | ||
| 245 | 0 | |a Biophysics | |
| 245 | 0 | |c edited by Walter Hoppe ... [et al.]; contributors, R.D. Bauer ... [et al.]. | |
| 260 | |a Berlin | ||
| 260 | |b Springer-Verlag | ||
| 260 | |c 1983 | ||
| 650 | |a Biophysics | ||
| 904 | |i Hiếu | ||
| 980 | |a Trung tâm Học liệu Trường Đại học Cần Thơ | ||